000 00432nam a2200157Ia 4500
008 240729s9999 xx 000 0 und d
022 _a2345-6418
245 0 _aJournal of Dentistry
260 _aIran, Islamic Republic of
260 _bShiraz University of Medical Sciences
650 _a Dentistry
650 _aMedicine
856 _uhttps://doaj.org/toc/9306aa392d2a4bb9b045184f367f74b0
942 _2ddc
942 _cDOAJEJ
999 _c71265
_d71265
945 _a1
_bMadushi Gamage
_c1
_dMadushi Gamage